000 00713nam a2200205 a 4500
001 000022599
005 20200930021707.0
008 101013s1974 xxu 000 0 spa d
040 _aDO-SdBNP
_bspa
_cBNPHU
082 _a333.43
_bR256g
100 1 _aRavines, Eudocio
_946510
245 1 3 _aLa gran estafa :
_b(la penetración del Kremlin en Iberoamérica) /
_cEudocio Ravines.
250 _a10a ed. rev. y ampliada.
260 _aEstados Unidos :
_bLectorum corporation,
_c1974.
300 _axix, 441 p. ;
_c22 cm.
500 _aTítulo de la cubierta : La gran estafa antes y después de Solzhenitsyn.
650 4 _aEstrategia comunista
_946511
650 4 _aComunismo
_zAmérica Latina
_96841
049 _aBNPD
999 _c22096
_d22096